Essentials of production management : (Record no. 127239)

MARC details
000 -LEADER
fixed length control field 00758nam a22002297a 4500
005 - DATE AND TIME OF LATEST TRANSACTION
control field 20170124110021.0
010 ## - LIBRARY OF CONGRESS CONTROL NUMBER
LC control number A-945553
020 ## - INTERNATIONAL STANDARD BOOK NUMBER
Terms of availability 00.00
035 ## - SYSTEM CONTROL NUMBER
System control number A-945553
037 ## - SOURCE OF ACQUISITION
Source of stock number/acquisition Cen Lib/Ret
040 ## - CATALOGING SOURCE
Original cataloging agency DPL
Language of cataloging EN
082 ## - DEWEY DECIMAL CLASSIFICATION NUMBER
Classification number 658.5
Item number ASW
100 ## - MAIN ENTRY--PERSONAL NAME
Personal name Aswathappa, K.
9 (RLIN) 6759
245 ## - TITLE STATEMENT
Title Essentials of production management :
Remainder of title for BBM & BBA course /
Statement of responsibility, etc by K. Aswathappa
260 ## - PUBLICATION, DISTRIBUTION, ETC. (IMPRINT)
Place of publication, distribution, etc New Delhi
Name of publisher, distributor, etc Himalaya Publishing House
Date of publication, distribution, etc 1998
270 ## - ADDRESS
Address Pooja Appartments, 4-B, Muarari Lal Street, Ansari Road, Daryaganj
City New Delhi
Postal code 110002
300 ## - PHYSICAL DESCRIPTION
Extent 411p. :
Other physical details 20cm(Hb)
Dimensions ill.
500 ## - GENERAL NOTE
General note Includes bibliographical references.
650 ## - SUBJECT ADDED ENTRY--TOPICAL TERM
Topical term or geographic name as entry element Management
9 (RLIN) 3072
650 ## - SUBJECT ADDED ENTRY--TOPICAL TERM
Topical term or geographic name as entry element General management
9 (RLIN) 16441
942 ## - ADDED ENTRY ELEMENTS (KOHA)
Source of classification or shelving scheme Dewey Decimal Classification
Koha item type English Books
Classification part 658.5
Call number suffix ASW
Holdings
Withdrawn status Lost status Damaged status Not for loan Home library Current library Date acquired Source of acquisition Cost, normal purchase price Total Checkouts Full call number Barcode Date last seen Date checked out Copy number Cost, replacement price Price effective from Koha item type
        Central Library Central Library 29/06/2015 Cen Lib/Ret 0.00 2 658.5 ASW A-945553 06/03/2020 23/02/2020 1 0.00 29/06/2015 English Books

© Delhi Public Library
Hit Counter
free hit counter